Produkcia kyseliny eikozapentaénovej fungálnymi polosuchými kultiváciami

Salvato in:
Dettagli Bibliografici
Autore principale: Knutová, Veronika (Autore)
Altri autori: Klempová, Tatiana (Relatore della tesi)
Natura: Manoscritto Libro
Lingua:slovacco
Pubblicazione: 2016
Soggetti:
Accesso online:http://is.stuba.sk/zp/portal_zp.pl?podrobnosti=120806
Tags: Aggiungi Tag
Nessun Tag, puoi essere il primo ad aggiungerne!!

MARC

LEADER 00000ntm a22000003a 4500
001 stuzp58597
003 SK-STU
005 20160719155620.8
007 ta
008 150427s2015----xo-----f-mn---000-0-slo-d
040 |a STU  |b slo 
041 0 |a slo 
100 1 |a Knutová, Veronika  |u 044000  |4 aut  |U FCHPT Fakulta chemickej a potravinárskej technológie  |T FCHPT Ústav biotechnológie  |X 42736  |U C4000  |Y 102  |7 42736 
242 0 1 |a Production of eicosapentaenoic acid by fungal solid state fermentations  |y eng 
245 1 0 |a Produkcia kyseliny eikozapentaénovej fungálnymi polosuchými kultiváciami 
260 |c 2016 
650 4 |a kyselina eikozapentaénová  |2 slo 
650 4 |a Mortierella alpina  |2 slo 
650 4 |a polosuché kultivácie  |2 slo 
650 4 |a eicosapentaenoic acid  |2 eng 
650 4 |a Mortierella alpina  |2 eng 
650 4 |a solid state fermentations  |2 eng 
700 1 |a Klempová, Tatiana  |u 044000  |k Z1  |4 ths  |U FCHPT Fakulta chemickej a potravinárskej technológie  |T FCHPT Ústav biotechnológie  |X 21604  |U C4000  |Y 102  |7 A000021604 
856 4 |u http://is.stuba.sk/zp/portal_zp.pl?podrobnosti=120806 
SQL |a stuzp58597  |b DDP  |c SLO  |d Produkcia kyseliny eikozapentaénovej fungálnymi polosuchými kultiváciami  |e 42736  |f Knutová, Veronika  |g 044000  |h 21604  |i Klempová, Tatiana  |j 20160606  |k 560  |l 04  |m http://is.stuba.sk/zp/portal_zp.pl?podrobnosti=120806  |n I-BIOTE  |o 5.2.25. biotechnológie